000 00971nam0a22002771 4500
001 rc\2384191
005 20250623102027.0
035 _a(NLR Aleph) 006718363
090 _a5416850
_c5416850
100 _a20110829d1978 |||y0rusy50 ca
101 0 _arus
102 _aRU
105 _ay z |||||
200 1 _aСоциалистическое соревнование: условия, показатели, стимулы, итоги
210 _aНовосибирск
_cЗап.-Сиб. кн. изд-во
_d1978
215 _a79 с.
_d20
606 _aСоциалистическое соревнование
_xПодведение итогов
_2psbo
700 1 _aХарадзе
_bГ.К.
_gГеоргий Константинович
801 1 _aRU
_bELAR
_2rusmarc
801 0 _aRU
_bNLR
_gpsbo
852 _aNLR
_j78-4/28519
899 _aRuMoRGB
_jБ 78-56/422
899 _aRuMoRGB
_jБ 78-56/423
899 _aRuMoRGB
_jФ 1-80/12578
942 _cBOOK
980 _aNB